Maryfield Academy /

Guardat en:
Dades bibliogràfiques
Autor principal: Tomaso, Carla (Autor)
Format: Llibre
Idioma:anglès
Publicat: New York : Alice Street/Harrington Park, c2003
Etiquetes: Afegir etiqueta
Sense etiquetes, Sigues el primer a etiquetar aquest registre!

MARC

LEADER 00000nam a22000007i 4500
001 IT\ICCU\UBO\2138986
003 ItRI
005 20260115231833.0
008 030314s2003 xxu|||||| ||||| |||||c
020 |a 1560234245 
040 |b ita  |c importazione bologna sebina 
041 7 |a eng  |2 ISO-639-2 
100 1 |a Tomaso, Carla  |0 IT\ICCU\UBOV\772150  |4 aut 
245 1 0 |a Maryfield Academy /  |c Carla Tomaso. 
260 |a New York :  |b Alice Street/Harrington Park,  |c c2003 
300 |a 131 p. ;  |c 21 cm. 
942 |2 ddc  |c BK  |n 0 
952 |0 0  |1 0  |4 0  |6 DOC_813_540000000000000_TOM  |7 0  |9 13904  |a BO  |b BO  |d 2026-01-15  |i 7296  |l 0  |o DOC 813.54 TOM  |p BO7296  |r 2026-01-15 23:18:33  |w 2026-01-15  |x [Sebina 5] [1 v.]  |y BK  |z 1 v. 
999 |c 11969  |d 11969